[Event "Josef Kupper Memorial 2019"]
[Site "Zurich"]
[Date "2019.08.14"]
[Round "1.1"]
[White "Sieber, Fiona"]
[Black "Maghsoodloo, Parham"]
[Result "0-1"]
[WhiteElo "2226"]
[BlackElo "2656"]
[Annotator "TA"]
[PlyCount "74"]
[EventDate "2019.08.13"]
[EventType "swiss"]
[EventCountry "SUI"]
[SourceTitle "playchess.com"]
[Source "ChessBase"]
[SourceQuality "1"]

{[%evp 21,73,31,33,23,39,30,55,25,36,-13,-12,-43,-40,-72,-41,-34,-40,-60,-31,-35,0,0,0,-1,0,0,0,0,0,-15,-26,-79,0,-121,-154,-384,-329,-334,-134,-131,-127,-145,-135,-304,-277,-29989,-29990,-29993,-29993,-29997,-29997,-29998,-29999,-29999]} 1. e4 e5 2. Nf3 Nc6 3. Bb5 a6 4. Ba4 Nf6 5. O-O Be7 6. Re1 b5 7. Bb3 d6 8. c3 O-O 9. h3 Nb8 10. d4 Nbd7 11. Nbd2 c5 12. d5 {C95: Closed Ruy Lopez: Breyer Variation with 10 d4} (12. Nf1 Re8 13. Ng3 Bf8 14. Bc2 cxd4 15. cxd4 exd4 16. Bf4 Bb7 17. Nxd4 g6 18. Qd2 Nc5 19. Bg5 Bg7 {½-½ (37) Karjakin,S (2760)-Kovalev,V (2664) Batumi 2018}) 12... Re8 13. Bc2 Bf8 14. Nf1 {White is slightly better.} g6 15. g4 $146 ({Predecessor:} 15. Ng3 Bg7 16. Be3 Nb6 17. b3 Bb7 18. Qe2 Rc8 {1-0 (46) Jacobs,F (1456)-Roncagliolo,M (1596) FICGS email 2010}) 15... h5 16. N3h2 (16. g5 $5 {[%cal Rg5f6]} Nh7 17. a4 $11) 16... hxg4 17. hxg4 Nh7 18. Ng3 Be7 19. Kg2 Bg5 20. Rh1 Ndf6 21. f3 Kg7 22. Nhf1 Rh8 23. Ne3 Bd7 24. Bd2 Bf4 25. Qe2 Qe7 ({Reject} 25... Ng5 26. Rxh8 Kxh8 27. Rh1+ Kg8 28. Qf2 $14) 26. a4 (26. Raf1 $11) 26... Ng5 (26... Rag8 $17 27. axb5 axb5) 27. Rxh8 (27. axb5 $11 Rxh1 28. Rxh1) 27... Rxh8 $17 (27... Kxh8 $6 28. Qf2 $11) 28. Be1 $2 (28. Rh1 $17 {is the only way for White.}) 28... Nh3 (28... Rh3 29. axb5 axb5 30. Ra8 $17) 29. axb5 Bxg3 ({Weaker is} 29... Bxb5 30. Nef5+ gxf5 31. Nxf5+ Kf8 32. c4 $14) (29... axb5 $19 {has better winning chances.} 30. Bf2 Bg5) 30. Bxg3 Nf4+ 31. Bxf4 exf4 32. bxa6 $2 (32. Nf1 $17 axb5 33. Ra7) 32... fxe3 $19 33. a7 $2 {[#]} (33. Rh1 $19 Bb5 34. Qxe3 (34. Qxb5 $2 Rxh1 35. Kxh1 Nxg4 $19) 34... Nxd5 35. Qd2 Rxh1 36. Kxh1) 33... Nxg4 {Black mates.} (33... Qe5 $2 34. Rh1 $19) 34. Qe1 Qe5 35. a8=Q Qh2+ 36. Kf1 {[#]} e2+ $1 {[%mdl 512]} 37. Qxe2 Qh1# {Accuracy: White = 33%, Black = 43%.} 0-1

[Event "Josef Kupper Memorial 2019"]
[Site "Zurich"]
[Date "2019.08.14"]
[Round "1.2"]
[White "Kovalenko, Igor"]
[Black "Giesinger, Elias"]
[Result "1-0"]
[WhiteElo "2654"]
[BlackElo "2221"]
[Annotator "ChessBase"]
[PlyCount "111"]
[EventDate "2019.08.13"]
[EventType "swiss"]
[EventCountry "SUI"]
[SourceTitle "playchess.com"]
[Source "ChessBase"]
[SourceQuality "1"]
[TimeControl "40/5400+30:1800+30"]

1. d4 {[%emt 0:00:00]} Nf6 {[%emt 0:00:00]} 2. Nf3 {[%emt 0:00:00]} e6 {[%emt 0:00:00]} 3. e3 {[%emt 0:00:00]} c5 {[%emt 0:02:21]} 4. Bd3 {[%emt 0:00:00]} Be7 {[%emt 0:02:17]} 5. O-O {[%emt 0:00:00]} cxd4 {[%emt 0:02:23]} 6. exd4 {[%emt 0:00:01]} O-O {[%emt 0:00:07]} 7. Re1 {[%emt 0:00:27]} b6 {[%emt 0:00:16]} 8. c4 {[%emt 0:00:04]} d5 {[%emt 0:04:20]} 9. cxd5 {[%emt 0:01:18]} Nxd5 {[%emt 0:06:31]} 10. Nc3 {[%emt 0:01:33]} Bb7 {[%emt 0:01:57]} 11. Re5 {[%emt 0:23:10]} Nd7 {[%emt 0:07:41]} 12. Rh5 {[%emt 0:00:07]} N7f6 {[%emt 0:00:23]} 13. Rh4 {[%emt 0:00:44]} Rc8 {[%emt 0:03:19]} 14. Bd2 {[%emt 0:01:15]} Nxc3 {[%emt 0:07:30]} 15. bxc3 {[%emt 0:00:09]} Rc7 {[%emt 0:02:17]} 16. a4 {[%emt 0:04:10]} Qa8 {[%emt 0:06:39]} 17. Ne5 {[%emt 0:04:38]} Be4 {[%emt 0:06:18]} 18. Bg5 {[%emt 0:00:54]} Bxd3 {[%emt 0:08:02]} 19. Qxd3 {[%emt 0:00:04]} g6 {[%emt 0:01:28]} 20. c4 {[%emt 0:04:51]} Qd8 {[%emt 0:04:25]} 21. Qh3 {[%emt 0:02:00]} Nh5 {[%emt 0:01:49]} 22. Bxe7 {[%emt 0:13:43]} Qxe7 {[%emt 0:00:25]} 23. Rg4 {[%emt 0:00:01]} Nf6 {[%emt 0:06:36]} 24. Rg3 {[%emt 0:00:11]} Nd7 {[%emt 0:05:01]} 25. Nf3 {[%emt 0:05:53]} Qf6 {[%emt 0:02:43]} 26. Ng5 {[%emt 0:01:02]} Qg7 {[%emt 0:00:08]} 27. Rc3 {[%emt 0:01:15]} Rfc8 {[%emt 0:02:10]} 28. Rac1 {[%emt 0:00:04]} h6 {[%emt 0:03:56]} 29. Nf3 {[%emt 0:00:02]} Nf6 {[%emt 0:00:35]} 30. Nd2 {[%emt 0:00:39]} Rd7 {[%emt 0:01:22]} 31. Nb3 {[%emt 0:00:11]} Ne4 {[%emt 0:00:47]} 32. R3c2 {[%emt 0:00:07]} Rdc7 {[%emt 0:01:18]} 33. Qd3 {[%emt 0:00:46]} Nf6 {[%emt 0:02:18]} 34. h3 {[%emt 0:01:12]} Qf8 {[%emt 0:00:46]} 35. c5 {[%emt 0:00:47]} Nd5 {[%emt 0:01:06]} 36. Rc4 {[%emt 0:00:50]} Qe8 {[%emt 0:03:41]} 37. Nd2 {[%emt 0:00:20]} Nf6 {[%emt 0:01:51]} 38. Qe3 {[%emt 0:02:10]} h5 {[%emt 0:01:25]} 39. R1c2 {[%emt 0:03:19]} Qd8 {[%emt 0:01:30]} 40. Qf4 {[%emt 0:04:04]} Nd5 {[%emt 0:01:37]} 41. Qe5 {[%emt 0:30:21]} bxc5 {[%emt 0:09:08]} 42. dxc5 {[%emt 0:00:00]} Qf6 {[%emt 0:00:34]} 43. Qg3 {[%emt 0:00:00]} Qa1+ {[%emt 0:07:14]} 44. Rc1 {[%emt 0:00:00]} Qf6 {[%emt 0:03:02]} 45. Ne4 {[%emt 0:00:00]} Qe7 {[%emt 0:00:41]} 46. Qe5 {[%emt 0:00:00]} Rc6 {[%emt 0:04:31]} 47. Rb1 {[%emt 0:00:00]} Qc7 {[%emt 0:01:39]} 48. Nd6 {[%emt 0:00:00]} Rb8 {[%emt 0:01:08]} 49. Rcc1 {[%emt 0:00:00]} Rb4 {[%emt 0:02:51]} 50. Rxb4 {[%emt 0:00:00]} Nxb4 {[%emt 0:00:12]} 51. Qd4 {[%emt 0:00:00]} e5 {[%emt 0:02:33]} 52. Qxe5 {[%emt 0:00:00]} Nd3 {[%emt 0:00:40]} 53. Qe8+ {[%emt 0:00:00]} Kh7 {[%emt 0:02:11]} 54. Rd1 {[%emt 0:00:00]} Nxc5 {[%emt 0:00:17]} 55. Nxf7 {[%emt 0:00:00]} Qc8 {[%emt 0:00:46]} 56. Rd8 {[%emt 0:00:00]} 1-0

[Event "Josef Kupper Memorial 2019"]
[Site "Zurich"]
[Date "2019.08.14"]
[Round "1.3"]
[White "Buehler, Michael"]
[Black "Iturrizaga Bonelli, Eduardo"]
[Result "0-1"]
[WhiteElo "2154"]
[BlackElo "2635"]
[Annotator "ChessBase"]
[PlyCount "56"]
[EventDate "2019.08.13"]
[EventType "swiss"]
[EventCountry "SUI"]
[SourceTitle "playchess.com"]
[Source "ChessBase"]
[SourceQuality "1"]
[TimeControl "40/5400+30:1800+30"]

1. c4 {[%emt 0:00:00]} Nf6 {[%emt 0:00:02]} 2. g3 {[%emt 0:00:00]} g6 {[%emt 0:00:49]} 3. Bg2 {[%emt 0:00:00]} Bg7 {[%emt 0:00:07]} 4. Nc3 {[%emt 0:00:11]} O-O {[%emt 0:00:13]} 5. Nf3 {[%emt 0:00:05]} e6 {[%emt 0:00:27]} 6. d4 {[%emt 0:00:47]} d5 {[%emt 0:00:18]} 7. O-O {[%emt 0:02:20]} b6 {[%emt 0:00:20]} 8. cxd5 {[%emt 0:01:17]} exd5 {[%emt 0:00:07]} 9. Bf4 {[%emt 0:02:59]} Bb7 {[%emt 0:00:06]} 10. Nb5 {[%emt 0:02:27]} Ne8 {[%emt 0:11:10]} 11. Qd2 {[%emt 0:03:43]} c6 {[%emt 0:06:00]} 12. Nc3 {[%emt 0:00:03]} Nd6 {[%emt 0:00:03]} 13. Bh6 {[%emt 0:01:15]} Nd7 {[%emt 0:04:19]} 14. Bxg7 {[%emt 0:08:37]} Kxg7 {[%emt 0:00:05]} 15. a4 {[%emt 0:00:07]} Re8 {[%emt 0:00:40]} 16. Rfd1 {[%emt 0:02:16]} a5 {[%emt 0:05:18]} 17. b3 {[%emt 0:04:15]} Ne4 {[%emt 0:05:47]} 18. Nxe4 {[%emt 0:03:19]} dxe4 {[%emt 0:00:02]} 19. Ne1 {[%emt 0:02:44]} h5 {[%emt 0:00:02]} 20. Nc2 {[%emt 0:04:15]} h4 {[%emt 0:00:03]} 21. Qf4 {[%emt 0:02:44]} hxg3 {[%emt 0:00:15]} 22. hxg3 {[%emt 0:00:41]} Nf6 {[%emt 0:00:20]} 23. Qd2 {[%emt 0:12:34]} Qd5 {[%emt 0:03:20]} 24. Ne3 {[%emt 0:01:04]} Qh5 {[%emt 0:00:04]} 25. b4 {[%emt 0:09:57]} Rh8 {[%emt 0:01:03]} 26. Rab1 {[%emt 0:00:31]} Qh2+ {[%emt 0:00:56]} 27. Kf1 {[%emt 0:00:04]} Bc8 {[%emt 0:00:01]} 28. Qc3 {[%emt 0:06:58]} Bh3 {[%emt 0:03:30]} 0-1

[Event "Josef Kupper Memorial 2019"]
[Site "Zurich"]
[Date "2019.08.14"]
[Round "1.4"]
[White "Bauer, Christian"]
[Black "Rohrer, Christophe"]
[Result "1-0"]
[WhiteElo "2626"]
[BlackElo "2208"]
[Annotator "ChessBase"]
[PlyCount "101"]
[EventDate "2019.08.13"]
[EventType "swiss"]
[EventCountry "SUI"]
[SourceTitle "playchess.com"]
[Source "ChessBase"]
[SourceQuality "1"]
[TimeControl "40/5400+30:1800+30"]

1. e4 {[%emt 0:00:00]} e5 {[%emt 0:00:00]} 2. Bc4 {[%emt 0:00:00]} Nf6 {[%emt 0:00:23]} 3. d3 {[%emt 0:00:00]} c6 {[%emt 0:00:36]} 4. Nf3 {[%emt 0:00:05]} Be7 {[%emt 0:00:50]} 5. Bb3 {[%emt 0:00:33]} O-O {[%emt 0:01:11]} 6. Nbd2 {[%emt 0:01:15]} d6 {[%emt 0:01:20]} 7. c3 {[%emt 0:01:16]} Nbd7 {[%emt 0:03:04]} 8. O-O {[%emt 0:03:53]} Nc5 {[%emt 0:03:54]} 9. Bc2 {[%emt 0:00:07]} Ne6 {[%emt 0:02:38]} 10. Re1 {[%emt 0:05:20]} Qc7 {[%emt 0:09:21]} 11. Nf1 {[%emt 0:00:50]} Re8 {[%emt 0:02:18]} 12. Ng3 {[%emt 0:03:49]} g6 {[%emt 0:02:35]} 13. d4 {[%emt 0:02:16]} Bf8 {[%emt 0:04:09]} 14. h3 {[%emt 0:03:11]} Nf4 {[%emt 0:08:20]} 15. Bxf4 {[%emt 0:13:12]} exf4 {[%emt 0:00:14]} 16. Nf1 {[%emt 0:00:08]} d5 {[%emt 0:05:22]} 17. e5 {[%emt 0:00:27]} Nh5 {[%emt 0:00:55]} 18. N1h2 {[%emt 0:02:50]} Be6 {[%emt 0:04:13]} 19. Ng5 {[%emt 0:03:25]} Bh6 {[%emt 0:10:51]} 20. Nxe6 {[%emt 0:03:49]} Rxe6 {[%emt 0:00:37]} 21. Qg4 {[%emt 0:13:55]} Rae8 {[%emt 0:07:01]} 22. Nf3 {[%emt 0:02:21]} Qd8 {[%emt 0:04:19]} 23. h4 {[%emt 0:13:34]} R6e7 {[%emt 0:02:41]} 24. Ng5 {[%emt 0:00:34]} Qc8 {[%emt 0:03:08]} 25. Qf3 {[%emt 0:01:13]} f5 {[%emt 0:03:02]} 26. a4 {[%emt 0:01:07]} Bxg5 {[%emt 0:01:16]} 27. hxg5 {[%emt 0:00:01]} Rf7 {[%emt 0:01:15]} 28. Bb3 {[%emt 0:00:52]} Ng7 {[%emt 0:02:59]} 29. c4 {[%emt 0:01:08]} dxc4 {[%emt 0:00:32]} 30. Bxc4 {[%emt 0:00:06]} Ne6 {[%emt 0:00:06]} 31. Rad1 {[%emt 0:01:37]} Kg7 {[%emt 0:01:31]} 32. d5 {[%emt 0:05:16]} cxd5 {[%emt 0:02:00]} 33. Bxd5 {[%emt 0:00:59]} Nxg5 {[%emt 0:00:59]} 34. Qxf4 {[%emt 0:00:05]} Ne6 {[%emt 0:00:21]} 35. Qh4 {[%emt 0:00:38]} Qc5 {[%emt 0:02:10]} 36. Bb3 {[%emt 0:02:44]} g5 {[%emt 0:03:59]} 37. Qh5 {[%emt 0:05:45]} h6 {[%emt 0:00:35]} 38. Re3 {[%emt 0:02:18]} Rfe7 {[%emt 0:03:09]} 39. Rd6 {[%emt 0:02:59]} Qc1+ {[%emt 0:01:46]} 40. Rd1 {[%emt 0:02:34]} Qc7 {[%emt 0:03:39]} 41. Rh3 {[%emt 0:08:03]} Rh8 {[%emt 0:01:53]} 42. Rc3 {[%emt 0:00:14]} Qxe5 {[%emt 0:06:06]} 43. Re3 {[%emt 0:01:41]} Qf6 {[%emt 0:01:13]} 44. Bxe6 {[%emt 0:11:24]} Rxe6 {[%emt 0:04:23]} 45. Rd7+ {[%emt 0:00:00]} Kf8 {[%emt 0:00:18]} 46. Rxe6 {[%emt 0:00:56]} Qxe6 {[%emt 0:00:06]} 47. Qd1 {[%emt 0:01:18]} Rg8 {[%emt 0:03:28]} 48. Rxb7 {[%emt 0:01:10]} Rg6 {[%emt 0:01:58]} 49. Qd8+ {[%emt 0:01:31]} Qe8 {[%emt 0:00:07]} 50. Qc7 {[%emt 0:00:43]} Qe1+ {[%emt 0:02:33]} 51. Kh2 {[%emt 0:00:01]} 1-0

[Event "Josef Kupper Memorial 2019"]
[Site "Zurich"]
[Date "2019.08.14"]
[Round "1.5"]
[White "Csajka, Felix"]
[Black "Van Foreest, Jorden"]
[Result "0-1"]
[WhiteElo "2186"]
[BlackElo "2626"]
[Annotator "ChessBase"]
[PlyCount "72"]
[EventDate "2019.08.13"]
[EventType "swiss"]
[EventCountry "SUI"]
[SourceTitle "playchess.com"]
[Source "ChessBase"]
[SourceQuality "1"]
[TimeControl "40/5400+30:1800+30"]

1. c4 {[%emt 0:00:00]} Nf6 {[%emt 0:00:19]} 2. Nf3 {[%emt 0:00:00]} g6 {[%emt 0:00:36]} 3. Nc3 {[%emt 0:00:19]} Bg7 {[%emt 0:00:48]} 4. e4 {[%emt 0:00:49]} e5 {[%emt 0:00:13]} 5. d4 {[%emt 0:06:24]} exd4 {[%emt 0:00:07]} 6. Nxd4 {[%emt 0:00:19]} O-O {[%emt 0:00:05]} 7. Be2 {[%emt 0:00:47]} Re8 {[%emt 0:00:06]} 8. f3 {[%emt 0:00:38]} c6 {[%emt 0:00:06]} 9. Nc2 {[%emt 0:04:26]} d5 {[%emt 0:05:46]} 10. exd5 {[%emt 0:09:11]} cxd5 {[%emt 0:01:08]} 11. O-O {[%emt 0:01:56]} Qb6+ {[%emt 0:05:21]} 12. Kh1 {[%emt 0:04:24]} dxc4 {[%emt 0:01:54]} 13. Bxc4 {[%emt 0:01:30]} Nc6 {[%emt 0:00:10]} 14. Bf4 {[%emt 0:03:59]} Bf5 {[%emt 0:01:09]} 15. Qc1 {[%emt 0:02:54]} Ne5 {[%emt 0:10:05]} 16. Be3 {[%emt 0:02:52]} Qc7 {[%emt 0:02:18]} 17. Be2 {[%emt 0:01:33]} Bd3 {[%emt 0:04:43]} 18. Re1 {[%emt 0:05:03]} Bxe2 {[%emt 0:15:09]} 19. Rxe2 {[%emt 0:00:25]} Nd3 {[%emt 0:00:05]} 20. Qd2 {[%emt 0:03:15]} Nxb2 {[%emt 0:02:12]} 21. Na3 {[%emt 0:03:08]} Ng4 {[%emt 0:12:02]} 22. fxg4 {[%emt 0:01:38]} Qxc3 {[%emt 0:00:14]} 23. Qxc3 {[%emt 0:05:01]} Bxc3 {[%emt 0:00:09]} 24. Nb5 {[%emt 0:00:28]} Nc4 {[%emt 0:00:22]} 25. Nxc3 {[%emt 0:01:16]} Rxe3 {[%emt 0:00:05]} 26. Rxe3 {[%emt 0:02:33]} Nxe3 {[%emt 0:00:03]} 27. g5 {[%emt 0:03:41]} Rd8 {[%emt 0:04:45]} 28. Kg1 {[%emt 0:02:06]} Rd2 {[%emt 0:03:28]} 29. g3 {[%emt 0:01:23]} Rg2+ {[%emt 0:00:40]} 30. Kh1 {[%emt 0:00:10]} Rc2 {[%emt 0:00:04]} 31. Ne4 {[%emt 0:00:20]} Ng4 {[%emt 0:01:48]} 32. Kg1 {[%emt 0:02:39]} Nxh2 {[%emt 0:00:46]} 33. Rd1 {[%emt 0:00:31]} Nf3+ {[%emt 0:01:01]} 34. Kf1 {[%emt 0:00:07]} Kg7 {[%emt 0:00:04]} 35. Rd7 {[%emt 0:00:28]} Rxa2 {[%emt 0:00:28]} 36. Rxb7 {[%emt 0:00:53]} Nd2+ {[%emt 0:00:28]} 0-1

[Event "Josef Kupper Memorial 2019"]
[Site "Zurich"]
[Date "2019.08.14"]
[Round "1.6"]
[White "Bluebaum, Matthias"]
[Black "Drechsler, Christoph"]
[Result "1-0"]
[WhiteElo "2619"]
[BlackElo "2180"]
[Annotator "ChessBase"]
[PlyCount "83"]
[EventDate "2019.08.13"]
[EventType "swiss"]
[EventCountry "SUI"]
[SourceTitle "playchess.com"]
[Source "ChessBase"]
[SourceQuality "1"]
[TimeControl "40/5400+30:1800+30"]

1. d4 {[%emt 0:00:00]} d5 {[%emt 0:00:00]} 2. c4 {[%emt 0:00:00]} e6 {[%emt 0:00:03]} 3. Nc3 {[%emt 0:00:01]} Nf6 {[%emt 0:00:05]} 4. cxd5 {[%emt 0:00:25]} exd5 {[%emt 0:00:07]} 5. Bg5 {[%emt 0:00:05]} Be7 {[%emt 0:00:18]} 6. e3 {[%emt 0:00:27]} c6 {[%emt 0:00:12]} 7. Bd3 {[%emt 0:00:06]} Nbd7 {[%emt 0:00:10]} 8. Nge2 {[%emt 0:00:39]} h6 {[%emt 0:00:13]} 9. Bh4 {[%emt 0:00:20]} Nh5 {[%emt 0:00:11]} 10. Bxe7 {[%emt 0:01:16]} Qxe7 {[%emt 0:00:06]} 11. O-O {[%emt 0:02:17]} O-O {[%emt 0:01:10]} 12. Qc2 {[%emt 0:02:53]} Nb6 {[%emt 0:01:51]} 13. Rae1 {[%emt 0:00:43]} Bd7 {[%emt 0:01:45]} 14. Nc1 {[%emt 0:03:04]} Rae8 {[%emt 0:03:39]} 15. Nb3 {[%emt 0:04:59]} g6 {[%emt 0:07:52]} 16. f3 {[%emt 0:05:24]} f5 {[%emt 0:05:13]} 17. Nc5 {[%emt 0:08:33]} Bc8 {[%emt 0:00:51]} 18. Qb3 {[%emt 0:05:13]} Kh8 {[%emt 0:09:07]} 19. Qa3 {[%emt 0:05:56]} a6 {[%emt 0:03:37]} 20. Qb3 {[%emt 0:02:22]} Na8 {[%emt 0:06:49]} 21. Bb1 {[%emt 0:04:09]} Nf6 {[%emt 0:05:18]} 22. N3a4 {[%emt 0:06:04]} b5 {[%emt 0:01:15]} 23. Nc3 {[%emt 0:00:05]} Nb6 {[%emt 0:00:49]} 24. Nd1 {[%emt 0:01:40]} Nbd7 {[%emt 0:02:40]} 25. Nxd7 {[%emt 0:05:27]} Nxd7 {[%emt 0:02:13]} 26. Qc3 {[%emt 0:01:17]} Bb7 {[%emt 0:02:42]} 27. Nf2 {[%emt 0:02:01]} Rf6 {[%emt 0:03:45]} 28. Nd3 {[%emt 0:04:07]} g5 {[%emt 0:01:29]} 29. f4 {[%emt 0:01:45]} g4 {[%emt 0:04:12]} 30. Ne5 {[%emt 0:00:35]} Rg8 {[%emt 0:05:08]} 31. Rc1 {[%emt 0:01:41]} Nb6 {[%emt 0:01:23]} 32. b3 {[%emt 0:01:17]} Nc8 {[%emt 0:01:45]} 33. Qd2 {[%emt 0:01:17]} Nd6 {[%emt 0:01:04]} 34. Rc5 {[%emt 0:01:25]} Re6 {[%emt 0:05:14]} 35. Bd3 {[%emt 0:03:18]} Ne4 {[%emt 0:05:06]} 36. Bxe4 {[%emt 0:00:11]} dxe4 {[%emt 0:00:02]} 37. Rfc1 {[%emt 0:01:02]} Rc8 {[%emt 0:07:52]} 38. Qc3 {[%emt 0:02:03]} b4 {[%emt 0:05:04]} 39. Qxb4 {[%emt 0:00:55]} Rxe5 {[%emt 0:00:12]} 40. dxe5 {[%emt 0:01:05]} g3 {[%emt 0:04:55]} 41. hxg3 {[%emt 0:32:42]} Rg8 {[%emt 0:30:07]} 42. Rb5 {[%emt 0:01:40]} 1-0

[Event "Josef Kupper Memorial 2019"]
[Site "Zurich"]
[Date "2019.08.14"]
[Round "1.7"]
[White "Chennaoui, Yasin"]
[Black "Martirosyan, Haik M."]
[Result "1-0"]
[WhiteElo "2092"]
[BlackElo "2619"]
[Annotator "TA"]
[PlyCount "133"]
[EventDate "2019.08.13"]
[EventType "swiss"]
[EventCountry "SUI"]
[SourceTitle "playchess.com"]
[Source "ChessBase"]
[SourceQuality "1"]

{[%evp 12,133,37,16,46,41,57,62,56,47,67,70,81,65,84,77,133,83,84,79,83,41,66,80,47,60,72,70,127,120,115,104,108,60,216,222,237,233,225,224,258,169,168,175,190,180,168,181,162,130,118,125,158,139,252,83,405,403,550,541,618,616,600,88,586,0,540,527,1039,335,750,0,1027,1005,1373,1364,1425,664,1294,1289,1290,1283,1283,1256,1236,1236,1206,660,1195,613,1203,1190,1163,1152,29995,29996,29996,29997,29997,944,913,699,914,914,914,914,909,907,900,846,1183,1166,967,896,1290,1290,1283,1275,1275,1271,1188,1095,1047,986]} 1. c4 e5 2. g3 Nc6 3. Bg2 g6 4. Nc3 Bg7 5. e3 d6 6. Nge2 h5 7. h3 f5 {A25: English Opening vs King's Indian with ...Nc6 but without early d3} (7... Be6 8. d4 exd4 9. Nxd4 Bd7 10. Nxc6 Bxc6 11. e4 Bxc3+ 12. bxc3 b6 13. O-O f6 14. Qd4 Qd7 15. f4 {0-1 (30) Ponkratov,P (2605)-Mchedlishvili,M (2608) St Petersburg 2018}) 8. h4 Nf6 9. d4 O-O {White is slightly better.} 10. O-O Bd7 $146 ({Predecessor:} 10... Ng4 11. dxe5 dxe5 12. Qxd8 Nxd8 13. b3 c6 14. Ba3 Re8 15. Rad1 {0-1 (40) Chilingirova,P (2231)-Blazkova,P (2239) Heraklio 2007}) 11. b3 Kh8 12. Ba3 e4 13. Nf4 Ne7 (13... Kh7 $142) 14. c5 dxc5 15. Bxc5 Kh7 16. Rc1 b6 17. Ba3 $36 {[%mdl 2048] White is in control.} c6 18. d5 c5 19. b4 cxb4 (19... c4 $14) 20. Bxb4 $16 a5 21. Ba3 b5 {And now ...b4 would win.} 22. Bc5 Re8 $2 (22... Rc8 $14 23. Nce2 b4) 23. d6 $18 Neg8 24. Qb3 b4 25. Nce2 {Black must now prevent Qf7.} Ng4 26. Nd4 ({Less strong is} 26. Qf7 Ne5 $14) 26... a4 27. Qxb4 ({Much less strong is} 27. Qf7 $6 Ne5 $14) 27... Rb8 28. Qc4 Ne5 29. Qa6 Nf6 30. Ba7 Rb2 31. Rc7 Qa8 32. Rfc1 Reb8 (32... Rxa2 $16 33. Bf1 Rb2) 33. Qa5 $2 (33. Nde6 $18 {is more deadly.}) 33... Neg4 $2 {[%mdl 8192]} (33... Nfg4 $16) 34. Nde6 Rxf2 35. Qc3 Rb7 36. Ng5+ Kh6 37. Nf7+ Kh7 38. Ng5+ Kh6 39. Bd4 Rxa2 40. Nf7+ Kh7 41. Ng5+ Kh6 42. Qc4 Rxc7 43. dxc7 Rd2 44. Nfh3 (44. Qf7 $142 Qe8 45. c8=Q Bxc8 46. Rxc8 $1 {[%mdl 512]}) 44... Nd5 {Threatens to win with ...Bxd4.} 45. Nf7+ Kh7 46. Nhg5+ Kg8 47. c8=Q+ Qxc8 48. Qxc8+ Bxc8 49. Rxc8+ Bf8 50. Bf1 Rd1 51. Bc5 Ndxe3 {[#]} 52. Nh6+ $1 {[%mdl 576] Pin} Kg7 (52... Nxh6 53. Rxf8+) 53. Bxf8+ Kf6 54. Rc6+ Ke5 55. Nxg4+ (55. Nhf7+ $142 Kd4 56. Ne6+ Kd5 57. Rd6#) 55... fxg4 {White is clearly winning.} 56. Nf7+ Kf5 57. Nd6+ Ke5 {[#]} 58. Nc4+ $1 Nxc4 59. Rxc4 e3 60. Rc8 Ke4 61. Bh6 Kf3 {[#]} 62. Rc3 $1 {[%csl Gh6][%cal Rc3e3]} Re1 63. Bf4 Ke4 64. Kg2 Kd4 65. Rd3+ Ke4 66. Ra3 e2 67. Re3+ {[%mdl 64] Double Attack. Accuracy: White = 64%, Black = 45%.} 1-0

[Event "Josef Kupper Memorial 2019"]
[Site "Zurich"]
[Date "2019.08.14"]
[Round "1.8"]
[White "Donchenko, Alexander"]
[Black "Player, Edmund C"]
[Result "1-0"]
[WhiteElo "2618"]
[BlackElo "2202"]
[Annotator "ChessBase"]
[PlyCount "63"]
[EventDate "2019.08.13"]
[EventType "swiss"]
[EventCountry "SUI"]
[SourceTitle "playchess.com"]
[Source "ChessBase"]
[SourceQuality "1"]
[TimeControl "40/5400+30:1800+30"]

1. Nf3 {[%emt 0:00:00]} d5 {[%emt 0:00:00]} 2. e3 {[%emt 0:01:18]} e6 {[%emt 0:01:20]} 3. c4 {[%emt 0:00:33]} dxc4 {[%emt 0:00:39]} 4. Bxc4 {[%emt 0:00:06]} Nf6 {[%emt 0:00:17]} 5. O-O {[%emt 0:01:16]} a6 {[%emt 0:02:35]} 6. b3 {[%emt 0:01:02]} b5 {[%emt 0:01:25]} 7. Be2 {[%emt 0:00:14]} Bb7 {[%emt 0:02:07]} 8. a4 {[%emt 0:01:05]} b4 {[%emt 0:15:14]} 9. Bb2 {[%emt 0:00:48]} Nbd7 {[%emt 0:00:15]} 10. d3 {[%emt 0:02:00]} g6 {[%emt 0:04:42]} 11. Nbd2 {[%emt 0:02:29]} Bg7 {[%emt 0:00:50]} 12. Nc4 {[%emt 0:08:51]} a5 {[%emt 0:03:03]} 13. Rc1 {[%emt 0:05:44]} O-O {[%emt 0:01:13]} 14. e4 {[%emt 0:01:43]} Qe7 {[%emt 0:21:33]} 15. Qc2 {[%emt 0:06:38]} Rfc8 {[%emt 0:08:56]} 16. Nfd2 {[%emt 0:03:22]} Nb6 {[%emt 0:11:14]} 17. Bf3 {[%emt 0:03:46]} Nfd7 {[%emt 0:04:47]} 18. Bxg7 {[%emt 0:04:52]} Kxg7 {[%emt 0:00:13]} 19. Qb2+ {[%emt 0:02:06]} Kg8 {[%emt 0:06:17]} 20. Ne3 {[%emt 0:04:06]} Qg5 {[%emt 0:06:19]} 21. Be2 {[%emt 0:18:42]} Qe5 {[%emt 0:03:40]} 22. Qc2 {[%emt 0:01:47]} Qd6 {[%emt 0:01:47]} 23. f4 {[%emt 0:06:27]} Qd4 {[%emt 0:00:39]} 24. Rf3 {[%emt 0:00:26]} e5 {[%emt 0:01:37]} 25. f5 {[%emt 0:00:32]} gxf5 {[%emt 0:01:10]} 26. Kh1 {[%emt 0:00:20]} fxe4 {[%emt 0:00:27]} 27. dxe4 {[%emt 0:00:46]} Qd6 {[%emt 0:00:31]} 28. Ndc4 {[%emt 0:04:44]} Qc6 {[%emt 0:00:37]} 29. Nf5 {[%emt 0:01:02]} Re8 {[%emt 0:00:32]} 30. Qd2 {[%emt 0:00:45]} Kh8 {[%emt 0:00:25]} 31. Nxb6 {[%emt 0:00:54]} Qxe4 {[%emt 0:00:33]} 32. Nxd7 {[%emt 0:00:18]} 1-0